Handbook of diabetes / (Record no. 20832)
[ view plain ]
| 000 -LEADER | |
|---|---|
| fixed length control field | 00968cam a22002775a 4500 |
| 001 - CONTROL NUMBER | |
| control field | 15973815 |
| 005 - DATE AND TIME OF LATEST TRANSACTION | |
| control field | 20180109114859.0 |
| 006 - FIXED-LENGTH DATA ELEMENTS--ADDITIONAL MATERIAL CHARACTERISTICS--GENERAL INFORMATION | |
| fixed length control field | m||||f ||z 00| 0 |
| 008 - FIXED-LENGTH DATA ELEMENTS--GENERAL INFORMATION | |
| fixed length control field | 091104s2010 enka frb 001 0 eng d |
| 020 ## - INTERNATIONAL STANDARD BOOK NUMBER | |
| International Standard Book Number | 9781405184090 |
| 040 ## - CATALOGING SOURCE | |
| Original cataloging agency | DNLM/DLC |
| Transcribing agency | DLC |
| Modifying agency | DLC |
| -- | EG-ScBUE |
| Language of cataloging | eng |
| 082 04 - DEWEY DECIMAL CLASSIFICATION NUMBER | |
| Classification number | 616.462 |
| Edition number | 22 |
| Item number | BIL |
| 100 1# - MAIN ENTRY--PERSONAL NAME | |
| Personal name | Bilous, Rudy W. |
| 9 (RLIN) | 38741 |
| 245 10 - TITLE STATEMENT | |
| Title | Handbook of diabetes / |
| Statement of responsibility, etc | Rudy Bilous, Richard Donnelly. |
| 246 30 - VARYING FORM OF TITLE | |
| Title proper/short title | Diabetes |
| 250 ## - EDITION STATEMENT | |
| Edition statement | 4th ed. |
| 260 ## - PUBLICATION, DISTRIBUTION, ETC. (IMPRINT) | |
| Place of publication, distribution, etc | Oxford ; |
| -- | Chichester ; |
| -- | Hoboken : |
| Name of publisher, distributor, etc | Wiley-Blackwell, |
| Date of publication, distribution, etc | 2010. |
| 300 ## - PHYSICAL DESCRIPTION | |
| Extent | x, 238 p. : |
| Other physical details | ill. ; |
| Dimensions | 28 cm. + |
| Accompanying material | CD-ROM (4 3/4 in.) |
| 500 ## - GENERAL NOTE | |
| General note | Rev. ed. of: Handbook of diabetes / Gareth Williams, John C. Pickup. 3rd ed. 2004. |
| 500 ## - GENERAL NOTE | |
| General note | Index : p . 233-238. |
| 504 ## - BIBLIOGRAPHY, ETC. NOTE | |
| Bibliography, etc | Includes bibliographical references. |
| 653 ## - INDEX TERM--UNCONTROLLED | |
| Resource For college | Nursing |
| Arrived date list | September2015 |
| -- | November2015 |
| 650 #0 - SUBJECT ADDED ENTRY--TOPICAL TERM | |
| 9 (RLIN) | 27258 |
| Topical term or geographic name as entry element | Diabetes |
| Form subdivision | Handbooks, manuals, etc. |
| Source of heading or term | BUEsh |
| 700 1# - ADDED ENTRY--PERSONAL NAME | |
| Personal name | Donnelly, Richard, |
| Dates associated with a name | 1960- |
| 942 ## - ADDED ENTRY ELEMENTS (KOHA) | |
| Source of classification or shelving scheme | Dewey Decimal Classification |
| Withdrawn status | Lost status | Source of classification or shelving scheme | Damaged status | Not for loan | Koha collection | Home library | Current library | Shelving location | Date acquired | Source of acquisition | Cost, normal purchase price | Serial Enumeration / chronology | Total Checkouts | Total Renewals | Full call number | Barcode | Date last seen | Date last borrowed | Cost, replacement price | Koha item type |
|---|---|---|---|---|---|---|---|---|---|---|---|---|---|---|---|---|---|---|---|---|
| Dewey Decimal Classification | Baccah | Central Library | Central Library | First floor | 01/09/2015 | Purchase | 698.00 | 23317 | 6 | 12 | 616.462 BIL | 000039848 | 15/07/2025 | 12/03/2019 | 873.00 | Book - Borrowing | ||||
| Dewey Decimal Classification | Baccah | Central Library | Central Library | First floor | 01/09/2015 | Purchase | 698.00 | 23317 | 616.462 BIL | 000039850 | 24/08/2022 | 873.00 | CD | DVD - With book |